Statistiques concernant Culture Générale - Série 1601

Cliquez ici pour prendre le quiz!

Statistiques générales

  • Ce quiz a été pris 140 fois
  • Le résultat moyen est 5 sur 10

Statistiques - réponses

QuestionRéponse% Correct
Qu'est-ce qui peut être "de crabes", "d'osier" ou "à provisions" ?panier
95%
En 1964, quelle actrice britannique, prénommée Audrey, est l'héroïne du film "My Fair Lady" ?Audrey Hepburn
83%
Au IVe siècle avant J.-C., quel philosophe grec considéré comme le père de la logique fut le précepteur d'Alexandre le Grand ?Aristote
73%
Dans quel recueil de contes arabes retrouve-t-on Aladin, Ali Baba et Sindbad le Marin ?Les Mille et Une Nuits
59%
Dans le dessin animé "Les Simpson", comment se prénomme la soeur de Bart et de Lisa ?Maggie
56%
Avant d'être le Bobby Ewing de "Dallas", l'acteur Patrick Duffy a été Mark Harris dans "L'Homme de...l'Atlantide
36%
Quel État des États-unis a pour capitale Springfield ?illinois
29%
Quel était le prénom de Magnum dans la série du même nom ?Thomas
29%
Dans quel pays se situe le lac salé Daryache e-Namak ?Iran
20%
Sous quel nom connaît-on mieux la danseuse étoile Margaret Hookhman qui forma avec Rudolf Noureïev un couple légendaire ?Margot Fonteyn
3%

Distribution des résultats

Percentile par nombre de réponses

% des personnes avec chaque résultat

Votre développement - résultats

Vous n’avez pas pris ce quiz